000 01343cam a22003134a 4500
001 13114047
003 OSt
005 20230926115545.0
008 030307s2003 gw a b 001 0 eng
010 _a 2003045449
020 _a3540003975 (alk. paper)
040 _aDLC
_cDLC
_dDLC
042 _apcc
050 0 0 _aQC20.7.B38
_bH37 2003
082 0 0 _a530.159542
_bHAR/B
100 1 _aHarney, Hanns L.
_q(Hanns Ludwig),
_d1939-
_99604
245 1 0 _aBayesian inference :
_bparameter estimation and decisions /
_cHanns L. Harney.
260 _aBerlin ;
_aNew York :
_bSpringer,
_cc2003.
300 _axiii, 263 p. :
_bill. ;
_c25 cm.
440 0 _aAdvanced texts in physics,
_x1439-2674
504 _aIncludes bibliographical references (p. [253]-260) and index.
650 0 _aBayesian statistical decision theory.
650 0 _aMathematical physics.
856 4 2 _3Publisher description
_uhttp://www.loc.gov/catdir/enhancements/fy0817/2003045449-d.html
856 4 1 _3Table of contents only
_uhttp://www.loc.gov/catdir/enhancements/fy0817/2003045449-t.html
906 _a7
_bcbc
_corignew
_d1
_eocip
_f20
_gy-gencatlg
942 _2ddc
_cBK
_h530.159542
_iHAR/B
_k530.159542
_mHAR/B
999 _c42442
_d42442